| 000 | 00431nam a22001817a 4500 | ||
|---|---|---|---|
| 003 | MPLRDC | ||
| 005 | 20220104144304.0 | ||
| 008 | 210129b ||||| |||| 00| 0 eng d | ||
| 082 | _a976.5 LL | ||
| 100 | _a不详 | ||
| 245 |
_a集体午蹈基本动作练习 _c |
||
| 250 | _a初版 | ||
| 260 |
_a _b玲珑出版社 _c1954 |
||
| 300 | _b平 | ||
| 490 | _a玲珑文艺小丛刊第一种 | ||
| 650 | _a | ||
| 942 |
_cBK _o976.5 LL |
||
| 999 |
_c48171 _d48161 |
||